Statystyki dla Sporty Olimpijskie - Tokio 2020

Kliknij tutaj aby rozwiązać quiz!

Ogólne statystyki

  • Ten quiz został rozwiązany 264 razy
  • Średni wynik to 25 z 50

Statystyki odpowiedzi

Odpowiedź% Poprawnych
Piłka nożna
91%
Siatkówka
89%
Biegi
86%
Maraton
84%
Koszykówka / Koszykówka 3x3
83%
Rzut młotem
83%
Skok w dal
81%
Rzut oszczepem
80%
Biegi sztafetowe
79%
Bieg przez płotki
79%
Piłka ręczna
78%
Skok wzwyż
72%
Pływanie
71%
Skok o tyczce
67%
Tenis ziemny
66%
Pchnięcie kulą
65%
Rzut dyskiem
64%
Kajakarstwo
61%
Kolarstwo
57%
Tenis stołowy
57%
Pięciobój nowoczesny
55%
Boks
51%
Hokej na trawie
49%
Zapasy
49%
Wioślarstwo
48%
Judo
46%
Dziesięciobój
42%
Karate
42%
Trójskok
42%
Piłka wodna
38%
Rugby
36%
Szermierka
36%
Wspinaczka sportowa
36%
Żeglarstwo
36%
Gimnastyka
35%
Łucznictwo
33%
Skoki do wody
33%
Baseball
32%
Strzelectwo
30%
Triathlon
30%
Jeździectwo
29%
Podnoszenie ciężarów
28%
Badminton
27%
Golf
23%
Taekwondo
23%
Skateboarding
22%
Chodziarstwo
17%
Surfing
16%
Pływanie synchroniczne
13%
Softball
12%

Rozkład punktacji

Percentyl według liczby udzielonych odpowiedzi

Procent ludzi z każdym wynikiem

Twoja historia wyników

Nie rozwiązałeś tego quizu